Statistics for Winter Olympics Host-Fast

Click here to take the quiz!

General Stats

  • This quiz has been taken 49 times
  • The average score is 12 of 18

Answer Stats

HintAnswer% Correct
2002Salt Lake City
83%
2006Turin
83%
2010Vancouver
83%
1952Oslo
78%
1994Lillehammer
72%
1998Nagano
72%
1988Calgary
70%
1932,1980Lake Placid
70%
1984Sarajevo
70%
1924Chamonix
65%
1964,1976Innsbruck
63%
1928,1948St.Moritz
61%
1972Sapporo
59%
1992Albertville
57%
1936Garmisch-Partenkirchen
48%
1968Grenoble
48%
1960Squaw Valley
43%
1956Cortina d'Ampezzo
41%

Score Distribution

Percentile by Number Answered

Percent of People with Each Score

Your Score History

You have not taken this quiz